02054nam a22003011i 450000500170000000800410001702000400005804000250009808200190012309000230014210000310016524500900019625000200028626400360030626400110034230000500035333600340040333700250043733800230046250000400048552009870052560000260151265000590153865000440159794200110164199900190165295200810167120210210124618.0210210t20182016uk ad||g ||| 000 0beng d a9781781317587cRM 125.81qpaperback aPPAKbengcPPAKerda04223a796.34209200a796.342092bHODdG1 aHodgkinson, Mark,eauthor.10aFEDEGRAPHICA :bA GRAPHIC BIOGRAPHY OF THE GENIUS OF ROGER FEDERER /cMARK HODGKINSON aUpdated Edition 1aLondon : bAurum Press, c2018. 4c©2016 a272 pages : bcolour illustrations ; c24 cm. 2rdacontentatextastill image 2rdamediaaunmediated 2rdacarrieravolume aIncludes bibliographical references aBIOGRAPHY: SPORT. ROGER FEDERER is almost universally recognised as the greatest tennis player of all time; he might also be the greatest athlete. Adored around the world, Federer has become one of sport's most iconic and popular figures. In this innovative graphic biography, Federer's genius is explored and celebrated like never before, with beautiful infographics looking at his serving patterns, the speed of his shots, the spin he generates, his movement, as well as his performance in high-pressure situations such as tiebreaks and Grand Slam finals. Federer's astonishing records - no man has won more majors, or spent more weeks as the world number one - are also showcased against his rivals and the legends of the game. Drawing on his conversations with Federer, as well as exclusive interviews with those close to the Swiss, Mark Hodgkinson tells the story of how a young hothead from Basel transformed himself into a calm and poised athlete who came to dominate tennis.10aFederer, Roger, 1981-10aFederer, Roger, 1981- xMiscellanea xPictorial works.20aTennis playerszSwitzerlandvBiography. 2ddccB c181984d181984 0070bPPAKcGd2021-02-19o796.342092 HODpA01675138r2021-02-19 00:00:00yB